000 00622nam a2200229Ia 4500
003 OSt
005 20220926043757.0
006 a|||||r|||| 00| 0
007 ta
008 220923b |||||||| |||| 00| 0 eng d
037 _cGeneral Book
040 _aRTL
_cRTL
_beng
041 _2eng
_aeng
082 _aH, J52;1
100 _aCroneis Carey
_9348206
245 0 _aDown to earth
_b An intorduction to geology
260 _c1955
650 _aGeology
_915465
700 _a Krumbein William C
_9348207
942 _hH, J52;1
_cGB
_2CC
999 _c673138
_d673138